| 000 | 00470nam a22001697a 4500 | ||
|---|---|---|---|
| 003 | BD-DhUL | ||
| 005 | 20210119141343.0 | ||
| 008 | 180523s1891 xx ||||| |||| 00| 0 urd d | ||
| 040 |
_aBD-DhUL _cBD-DhUL |
||
| 082 |
_a891.431 _bAWD |
||
| 100 | 1 | _aاوحد، عبد الودود | |
| 245 | 1 |
_aدیوان اوحد : HRC / _cعبد الودود اوحد |
|
| 260 |
_a: _b، _c۱۸۹۱۔ |
||
| 300 |
_aص۔ ۶۴ ؛ _c۲۴ سم۔ |
||
| 650 | 0 | _aUrdu poetry | |
| 942 |
_2ddc _cBK |
||
| 999 |
_c241467 _d241467 |
||